Statistics for Country Transits: Further Away within the Same Continent

Click here to take the quiz!

General Stats

  • This quiz has been taken 61 times
  • The average score is 10 of 14

Answer Stats

Country A % Correct
Yemen
87%
Lesotho
83%
Oman
83%
Qatar
79%
Gambia
77%
United Arab Emirates
77%
Greece
75%
Israel
73%
Ireland
69%
Sierra Leone
69%
Liberia
69%
Guinea-Bissau
65%
Lebanon
63%
East Timor
50%

Score Distribution

Percentile by Number Answered

Percent of People with Each Score

Your Score History

You have not taken this quiz